| 000 | 01644nam a2200337 c 4500 | ||
|---|---|---|---|
| 003 | BLK | ||
| 005 | 20240308132352.0 | ||
| 008 | 180411b bul|||||r ||||||| ||bul|| | ||
| 010 | _aKNG00192205000 | ||
| 040 | _aBLK | ||
| 041 |
_aBUL _cBUL |
||
| 080 |
_aСоциално осигуряване. Работническо осигуряване _b368.4 _x(075.4) _z368.4(075.4) |
||
| 080 |
_aСоциални въпроси в цялост. Критика на социалната организация. Социални реформо(общо). Практически социални проблеми. Социална политика (общи въпроси). Вж и 141.82;308;331;351.83 _b304 _x(075.4) _z304(075.4) |
||
| 100 | 1 |
_aДимова, Душка Петкова _eпърви автор _9368742 |
|
| 139 |
_aДимова, Душка Петкова _bД 60 |
||
| 245 | 1 | 0 |
_aСоциална политика и социално осигуряване _bИзбрани теми от теорията и практиката : Уч. помагало _cДушка Петкова Димова. |
| 257 | _aBGR | ||
| 260 |
_аСофия _bЛюрен _c1993 |
||
| 300 |
_a144 с. _bс табл. _c20 см |
||
| 380 | _a3 | ||
| 500 | _a1 500 тир. | ||
| 650 | 4 |
_aСоциална политика _9263721 |
|
| 650 | 0 |
_aОбществено осигуряване _9272658 |
|
| 650 | 4 |
_aУчебни помагала _9271270 |
|
| 852 | _aЦб 171673 | ||
| 856 | 4 |
_qpdf _u |
|
| 856 | 4 |
_qpdf _u |
|
| 942 |
_cKNG _n0 |
||
| 944 |
_aCR _c10.10.2016 _k30560 _lГеновева Генчева |
||
| 944 |
_aED _c10.10.2016 _kКети_Илиева |
||
| 999 |
_c183275 _d183275 |
||